000 00401nam a2200145 i 4500
001 bg
100 1 _aKLIMECKI, Wojciech
245 0 _aTermodynamiczne podstawy fizykochemii metali /
_cWojciech Klimecki, Wanda Jagiełło-Puczka.
260 _aCzęstochowa,
_c1971.
700 1 _aJAGIEŁŁO-PUCZKA, Wanda
040 _cBPK
041 _apol
942 _cKS
008 s pl f |000 0 pol
999 _c7338
_d7338
856 _uhttp://koha.tu.koszalin.pl/cgi-bin/koha/opac-detail.pl?biblionumber=7338
_yKatalog online BPK